=LDR 00000nam 2200000 4500 =001 000204 =005 20250710113231 =035 ##$$a 0010-0725000003 =007 ta =008 250710################a##########0#ind## =020 ##$$a 978-623-307-528-2 =082 ##$$a 398.209 598 =084 ##$$a 398.209 598 KOM b =100 #$$a Komar Cheh, Komar Rien =245 1#$$a Buang Ke Sini /$c Komar Rien Komar Cheh =250 ##$$a Cetakan Pertama =260 ##$$a Jakarta :$b Badan Pengembangan dan Pembinaan Bahasa,$c 2022 =300 ##$$a 20 hlm. : $b ilus. ; $c 21,5 cm =650 #4$$a CERITA ANAK INDONESIA-TERJEMAHAN =650 #4$$a LITERASI-BAHAN BACAAN =990 ##$$a TBM202400002